[Event "ICS rated standard match"]
[Site "207.99.83.229"]
[Date "1999.06.05"]
[Round "?"]
[White "Hossa"]
[Black "EA6PZ"]
[Result "0-1"]
[WhiteElo "2180"]
[BlackElo "2337"]
[PlyCount "89"]

1. e4 c5 2. c3 d5 3. exd5 Qxd5 4. d4 Nf6 5. Nf3 Bg4 6. Be2 e6 7. h3 Bh5 8. O-O
Nc6 9. Be3 cxd4 10. cxd4 Be7 11. Nc3 Qd6 12. g4 Bg6 13. g5 Nd5 14. Nxd5 Qxd5
15. Nh4 Be4 16. b3 h6 17. Bc4 Qd8 18. Qh5 Bxg5 19. Qg4 Bxe3 20. fxe3 Qg5 21.
Kh2 Qxg4 22. hxg4 Nb4 23. Rf4 Bd3 24. Ng2 Ke7 25. a3 Bxc4 26. bxc4 Nc6 27. Raf1
f6 28. Nh4 Rhc8 29. Re4 Kd7 30. Ng6 Na5 31. d5 e5 32. Rb1 Rc7 33. Rb4 Rac8 34.
Kg3 Nxc4 35. Ra4 Kd6 36. Rexc4 Rxc4 37. Rxa7 Kc7 38. Ne7 Rd8 39. Nc6 Rxd5 40.
Na5 Ra4 41. Rxb7+ Kc8 42. Rxg7 Raxa5 43. a4 Rxa4 44. Rg8+ Kd7 45. Rg6 {
Hossa resigns} 0-1

[Event "ICS rated bullet match"]
[Site "207.99.83.229"]
[Date "1999.06.05"]
[Round "?"]
[White "newfisher"]
[Black "Hossa"]
[Result "0-1"]
[WhiteElo "2163"]
[BlackElo "2464"]
[PlyCount "64"]

1. h4 Nc6 2. g3 Nf6 3. e3 e5 4. d3 Bc5 5. Nd2 O-O 6. Ngf3 d5 7. Bh3 Bxh3 8.
Rxh3 Qd6 9. Nb3 Rfe8 10. Nxc5 Qxc5 11. Ng5 Rad8 12. Bd2 Nb4 13. Kf1 a5 14. a3
Nc6 15. Rc1 h6 16. Rh1 hxg5 17. hxg5 Nd7 18. Qh5 Kf8 19. Qh8+ Ke7 20. Qxg7 Rg8
21. Qh6 Rg6 22. Qh5 Qb5 23. Bc3 d4 24. exd4 exd4 25. Re1+ Kd6 26. Qh7 dxc3 27.
Qxf7 Nde5 28. Qf4 cxb2 29. Qe4 b1=Q 30. f4 Qxc2 31. fxe5+ Nxe5 32. Qxe5+ 32...
Kc6 {newfisher resigns} 0-1

[Event "ICS rated bullet match"]
[Site "207.99.83.229"]
[Date "1999.06.05"]
[Round "?"]
[White "Hossa"]
[Black "newfisher"]
[Result "1-0"]
[WhiteElo "2469"]
[BlackElo "2140"]
[PlyCount "103"]

1. e4 e6 2. d3 g6 3. Nf3 h5 4. Be2 Bh6 5. O-O Nf6 6. e5 Ng4 7. Bxh6 Rxh6 8. h3
Rh8 9. Nc3 Nc6 10. hxg4 hxg4 11. Ne4 gxf3 12. Nf6+ Kf8 13. Bxf3 d6 14. Bxc6
bxc6 15. Qf3 d5 16. Qe3 Kg7 17. Rab1 Ba6 18. Qg5 Rh6 19. b3 Qh8 20. f4 Rh1+ 21.
Kf2 Qh4+ 22. Qxh4 Rxh4 23. Kg3 Rhh8 24. Rf2 Rab8 25. Rg1 c5 26. c4 d4 27. Ne4
Rbd8 28. Nxc5 Bc8 29. b4 Bd7 30. Ne4 Bc6 31. Nf6 Rh6 32. b5 Bb7 33. a4 Rdh8 34.
a5 Bc8 35. c5 Bb7 36. b6 Bc8 37. Ng4 Rh5 38. bxc7 Bb7 39. Nf6 R5h6 40. Rc2 Bc6
41. a6 Rc8 42. Rb1 Rxc7 43. Rc4 Bd5 44. Ne8+ Kf8 45. Nxc7 Bxc4 46. Rb8+ Ke7 47.
dxc4 Kd7 48. Nb5 Kc6 49. Rc8+ Kd7 50. Nd6 Ke7 51. c6 Rh4 52. Re8# {
newfisher checkmated} 1-0

[Event "ICS rated bullet match"]
[Site "207.99.83.229"]
[Date "1999.06.05"]
[Round "?"]
[White "newfisher"]
[Black "Hossa"]
[Result "0-1"]
[WhiteElo "2144"]
[BlackElo "2473"]
[PlyCount "29"]

1. g3 d5 2. d4 e6 3. Nf3 Bb4+ 4. Bd2 Bd6 5. e3 Nf6 6. h4 O-O 7. Ng5 Nc6 8. Bc3
e5 9. Bh3 exd4 10. Bxd4 Nxd4 11. exd4 Re8+ 12. Kf1 Bxh3+ 13. Rxh3 Qd7 14. Rh1
Qb5+ 15. Kg2 {newfisher resigns} 0-1

[Event "ICS rated blitz match"]
[Site "207.99.83.229"]
[Date "1999.06.05"]
[Round "?"]
[White "Hossa"]
[Black "Chemberlen"]
[Result "1/2-1/2"]
[WhiteElo "2643"]
[BlackElo "2480"]
[PlyCount "107"]

1. e4 c6 2. d4 d5 3. Nd2 dxe4 4. Nxe4 Bf5 5. Ng3 Bg6 6. h4 h6 7. h5 Bh7 8. Nf3
Nf6 9. Bd3 Bxd3 10. Qxd3 e6 11. Bd2 c5 12. O-O-O Nc6 13. Be3 Qb6 14. Qc4 Nd5
15. Ne4 Nxe3 16. fxe3 cxd4 17. Nxd4 Be7 18. Nxc6 Qxc6 19. Qxc6+ bxc6 20. Nd6+
Bxd6 21. Rxd6 Rc8 22. Rhd1 O-O 23. Rd7 a5 24. R1d6 a4 25. Ra7 Ra8 26. Rxa8 Rxa8
27. Rxc6 Kf8 28. Kd2 Ke7 29. b4 axb3 30. axb3 Kf6 31. Rc5 e5 32. Kd3 Kf5 33.
Rc4 Rd8+ 34. Kc3 Kg5 35. Rc7 Kxh5 36. Rxf7 g5 37. Rf2 Kg4 38. Kc4 h5 39. b4 Kg3
40. Re2 g4 41. b5 h4 42. b6 h3 43. gxh3 gxh3 44. Re1 h2 45. c3 e4 46. b7 Rb8
47. Kd5 Rxb7 48. Kxe4 Kg2 49. Re2+ Kg1 50. Re1+ Kg2 51. Re2+ Kg1 52. Re1+ Kg2
53. Re2+ Kg1 54. Re1+ {Game drawn by repetition} 1/2-1/2

[Event "ICS rated blitz match"]
[Site "207.99.83.229"]
[Date "1999.06.05"]
[Round "?"]
[White "joejan"]
[Black "Hossa"]
[Result "0-1"]
[WhiteElo "2300"]
[BlackElo "2636"]
[PlyCount "102"]

1. e4 c5 2. Nc3 e6 3. f4 Nc6 4. Nf3 d5 5. Bb5 Nf6 6. Bxc6+ bxc6 7. d3 Be7 8.
O-O O-O 9. b3 Rb8 10. Re1 Qc7 11. Bb2 d4 12. Ne2 Ng4 13. Bc1 Qd7 14. h3 Nf6 15.
Bd2 Bd8 16. Ne5 Qd6 17. Nc4 Qe7 18. Ng3 Bb7 19. Rb1 Kh8 20. Nh5 Nd7 21. Ng3 Qh4
22. Qg4 Qxg4 23. hxg4 Bh4 24. Kh2 Bc8 25. Kh3 Be7 26. g5 f6 27. gxf6 Bxf6 28.
Ne2 Ba6 29. g4 Bd8 30. g5 Bxc4 31. bxc4 Bb6 32. Kg4 Kg8 33. Rh1 a5 34. a4 Rf7
35. Rh3 Re7 36. Rbh1 Nf8 37. Ng1 Bc7 38. Nf3 Rb2 39. g6 h6 40. f5 exf5+ 41.
exf5 Rxc2 42. f6 Re6 43. f7+ Kh8 44. Rxh6+ gxh6 45. Bxh6 Rxg6+ 46. Kf5 Rxh6 47.
Rxh6+ Kg7 48. Rxc6 Rf2 49. Ke4 Re2+ 50. Kd5 Re3 51. Nh4 51... Re5# {
joejan checkmated} 0-1

[Event "ICS rated bullet match"]
[Site "207.99.83.229"]
[Date "1999.06.05"]
[Round "?"]
[White "SuperChicken"]
[Black "Hossa"]
[Result "1-0"]
[WhiteElo "2685"]
[BlackElo "2477"]
[PlyCount "79"]

1. e4 c5 2. Nf3 e6 3. d4 cxd4 4. Nxd4 Nf6 5. Nc3 d6 6. Be2 a6 7. O-O Nbd7 8. f4
b5 9. Bf3 Bb7 10. e5 Bxf3 11. Nxf3 dxe5 12. fxe5 Ng4 13. Qe2 b4 14. Nd1 Bc5+
15. Kh1 Qb8 16. Re1 a5 17. h3 h5 18. c4 bxc3 19. bxc3 Nh6 20. Bxh6 gxh6 21. Nb2
O-O 22. Rad1 Qc7 23. Qd2 Rab8 24. Qxh6 Rfc8 25. Qg5+ Kf8 26. Rd2 Ba3 27. Nd1
Rb1 28. Qxh5 Ke7 29. Nd4 Bc5 30. Qg5+ Ke8 31. Nxe6 Qb7 32. Ng7+ Kf8 33. Nf5 Ba3
34. Qg7+ Ke8 35. Qg8+ Nf8 36. e6 f6 37. e7 Qxg2+ 38. Kxg2 Bd6 39. exf8=Q+ Kd7
40. Qxc8# {Hossa checkmated} 1-0

[Event "ICS rated blitz match"]
[Site "207.99.83.229"]
[Date "1999.06.05"]
[Round "?"]
[White "Hossa"]
[Black "HLP"]
[Result "1-0"]
[WhiteElo "2640"]
[BlackElo "2294"]
[PlyCount "39"]

1. e4 c5 2. Nf3 d6 3. d4 cxd4 4. Nxd4 Nf6 5. Nc3 a6 6. f4 e5 7. Nf3 Nbd7 8. Bd3
Be7 9. O-O O-O 10. Kh1 b5 11. fxe5 dxe5 12. Qe2 Bb7 13. a4 b4 14. Nd5 Nxd5 15.
exd5 Bf6 16. Qe4 g6 17. Bh6 Re8 18. Nd2 Nc5 19. Qf3 Nd7 20. Ne4 {HLP resigns}
1-0

[Event "ICS rated blitz match"]
[Site "207.99.83.229"]
[Date "1999.06.05"]
[Round "?"]
[White "Hossa"]
[Black "Chemberlen"]
[Result "1-0"]
[WhiteElo "2644"]
[BlackElo "2499"]
[PlyCount "74"]

1. e4 c6 2. d4 d5 3. e5 Bf5 4. Nf3 e6 5. a3 Ne7 6. Nbd2 Nd7 7. Nh4 c5 8. dxc5
Nxe5 9. Bb5+ N5c6 10. O-O h6 11. Nb3 Bh7 12. Bd2 a6 13. Bd3 Rc8 14. Bxh7 Rxh7
15. Qe1 g5 16. Nf3 Bg7 17. Bc3 Kf8 18. Bxg7+ Rxg7 19. Rd1 Qc7 20. Qe2 Rg6 21.
Nfd4 Nxd4 22. Rxd4 Nc6 23. Ra4 Qe5 24. Qxe5 Nxe5 25. Rb4 Rc7 26. Rc1 Nc4 27.
Nd4 Rf6 28. Rd1 e5 29. Nb3 Nxb2 30. Rxd5 Rf4 31. Na5 Na4 32. Rxb7 Rxc5 33. Rxc5
Nxc5 34. Rb4 Rd4 35. g3 Rd2 36. Rc4 Ne6 37. Nb3 37... Nd4 {Chemberlen resigns}
1-0

[Event "ICS rated bullet match"]
[Site "207.99.83.229"]
[Date "1999.06.05"]
[Round "?"]
[White "Hossa"]
[Black "jo"]
[Result "1-0"]
[WhiteElo "2470"]
[BlackElo "2276"]
[PlyCount "57"]

1. e4 c5 2. Nf3 e6 3. d4 cxd4 4. Nxd4 Qb6 5. Nb3 Qc7 6. Bd3 h5 7. O-O h4 8. Nc3
a6 9. a4 h3 10. g3 Nf6 11. Re1 b6 12. a5 Bb7 13. axb6 Qxb6 14. e5 Nd5 15. Na4
Qc7 16. c4 Nb4 17. Bf4 Be7 18. c5 g5 19. Bc1 N8c6 20. Nb6 Nxe5 21. Nxa8 Nf3+
22. Qxf3 Bxf3 23. Nxc7+ Kd8 24. Re3 Kxc7 25. Rxf3 f5 26. Bxa6 g4 27. Bf4+ Kd8
28. Bc4 Rh7 29. Ra8# {jo checkmated} 1-0

[Event "ICS rated bullet match"]
[Site "207.99.83.229"]
[Date "1999.06.05"]
[Round "?"]
[White "SuperChicken"]
[Black "Hossa"]
[Result "1-0"]
[WhiteElo "2654"]
[BlackElo "2478"]
[PlyCount "85"]

1. e4 c5 2. Nf3 d6 3. d4 cxd4 4. Nxd4 Nf6 5. Nc3 Nc6 6. Bg5 a6 7. Qd2 e6 8.
O-O-O Bd7 9. f3 Rc8 10. Kb1 Ne5 11. f4 Ng6 12. f5 Ne5 13. fxe6 fxe6 14. Bf4 Ng6
15. Bg3 Nh5 16. Bf2 Be7 17. Be2 Nhf4 18. Bf3 O-O 19. Be3 e5 20. Nde2 Be6 21. g3
Nxe2 22. Bxe2 Qa5 23. Nd5 Qa4 24. Qd3 Bxd5 25. Qxd5+ Kh8 26. Qd3 b5 27. h4 Bf6
28. h5 Ne7 29. h6 Rc4 30. hxg7+ Bxg7 31. b3 Rb4 32. Qxd6 Ng8 33. Rxh7+ Kxh7 34.
Rh1+ Nh6 35. Bxh6 Rf6 36. Bxg7+ Kxg7 37. Qe7+ Kg8 38. Qe8+ Kg7 39. Qh8+ Kf7 40.
Rh7+ Ke6 41. Qg8+ Rf7 42. Qxf7+ Kd6 43. Qd5# {Hossa checkmated} 1-0

[Event "ICS rated bullet match"]
[Site "207.99.83.229"]
[Date "1999.06.05"]
[Round "?"]
[White "Hossa"]
[Black "razzle"]
[Result "1/2-1/2"]
[WhiteElo "2469"]
[BlackElo "2704"]
[PlyCount "259"]

1. e4 c6 2. d4 d5 3. e5 Bf5 4. Nf3 e6 5. a3 Be7 6. Be2 Nd7 7. O-O Qb6 8. Nbd2
O-O-O 9. c4 dxc4 10. Nxc4 Qc7 11. Bf4 Nb6 12. Nd6+ Bxd6 13. exd6 Qd7 14. Ne5
Qe8 15. d7+ Rxd7 16. Nxd7 Qxd7 17. Rc1 Nf6 18. Be5 Rd8 19. Bf3 Ne8 20. g4 Bg6
21. Qb3 f6 22. Bg3 h6 23. Qb5 Nc7 24. Qa5 Kb8 25. Rfd1 Ka8 26. a4 Ncd5 27. Rc5
Nc7 28. Kh1 Nbd5 29. Bxc7 Nxc7 30. Re1 Kb8 31. Rc4 Bd3 32. Rb4 Na6 33. Rb3 Bc4
34. Rbe3 Nc7 35. b3 Ba6 36. Rd1 Qd6 37. Re4 Rd7 38. Kg1 Qe7 39. Bg2 e5 40. f4
Rd5 41. Qe1 Qd7 42. fxe5 fxe5 43. Qe3 Rd6 44. Qc3 Nd5 45. Qd2 Nf6 46. Rxe5 Qxg4
47. a5 Rd7 48. h3 Qg6 49. Re6 Rd5 50. Qf4+ Kc8 51. Re7 Rd7 52. Rde1 Bd3 53.
Rxd7 Nxd7 54. Re7 Bf5 55. Qe3 Kd8 56. Kh1 h5 57. b4 a6 58. Qe1 Qg5 59. Re8+ Kc7
60. Qe3 Qxe3 61. Rxe3 Kd6 62. Rg3 g6 63. h4 Nf8 64. Rc3 Ne6 65. Rf3 Nxd4 66.
Re3 Nc2 67. Rb3 Ke5 68. Kh2 g5 69. hxg5 Kf4 70. g6 Bxg6 71. Rh3 Bf5 72. Rxh5
Kg4 73. Rh8 Nxb4 74. Bh3+ Kg5 75. Rg8+ Bg6 76. Bc8 Kf6 77. Bxb7 Bf7 78. Rg4 c5
79. Rf4+ Ke7 80. Rf5 c4 81. Rf4 Be6 82. Bc8 Bd5 83. Rf1 c3 84. Rc1 c2 85. Bxa6
Bb3 86. Bb5 Na2 87. Re1+ Kd6 88. a6 c1=Q 89. Rxc1 Nxc1 90. a7 Bd5 91. Bf1 Kc7
92. Kh3 Be6+ 93. Kg3 Kb7 94. Kf4 Kxa7 95. Ke5 Bf7 96. Bg2 Nd3+ 97. Kd4 Nf4 98.
Bf3 Ne6+ 99. Ke5 Nc7 100. Bc6 Kb6 101. Kd6 Bc4 102. Bd7 Bd5 103. Ke5 Kc5 104.
Kf4 Kd4 105. Bf5 Bc4 106. Kg4 Nd5 107. Kg5 Ke5 108. Bc8 Ne3 109. Bd7 Bd5 110.
Kg6 Nc2 111. Bf5 Nd4 112. Bd3 Kf4 113. Kh6 Ke3 114. Bg6 Bc4 115. Kh5 Be6 116.
Kh6 Bd7 117. Kh5 Bc6 118. Kg5 Bd5 119. Kh6 Kd2 120. Kg5 Kc3 121. Kh6 Kd2 122.
Kg5 Kc3 123. Kh6 Bc6 124. Kg5 Bf3 125. Bf5 Bd5 126. Bb1 Kb2 127. Bg6 Ka1 128.
Kh6 Ka2 129. Kg5 Ne6+ 130. Kf5 {
razzle ran out of time and Hossa has no material to mate} 1/2-1/2

[Event "ICS rated bullet match"]
[Site "207.99.83.229"]
[Date "1999.06.05"]
[Round "?"]
[White "Hossa"]
[Black "nudode"]
[Result "1/2-1/2"]
[WhiteElo "2478"]
[BlackElo "2358"]
[PlyCount "26"]

1. e4 e5 2. Nf3 Nc6 3. Bb5 a6 4. Ba4 Nf6 5. O-O Be7 6. Re1 b5 7. Bb3 O-O 8. h3
Bb7 9. d3 Re8 10. Ng5 Rf8 11. Nf3 Re8 12. Ng5 Rf8 13. Nf3 13... Re8 {
Game drawn by repetition} 1/2-1/2

[Event "ICS rated bullet match"]
[Site "207.99.83.229"]
[Date "1999.06.05"]
[Round "?"]
[White "nudode"]
[Black "Hossa"]
[Result "1-0"]
[WhiteElo "2363"]
[BlackElo "2473"]
[PlyCount "121"]

1. e4 e5 2. Nf3 Nc6 3. Bb5 a6 4. Ba4 Nf6 5. O-O Be7 6. Re1 b5 7. Bb3 O-O 8. c3
d5 9. exd5 Nxd5 10. Nxe5 Nxe5 11. Rxe5 c6 12. d4 Bd6 13. Re2 Qh4 14. g3 Qh3 15.
Nd2 Bg4 16. f3 Bf5 17. Ne4 Bxe4 18. fxe4 Nb6 19. Rf2 Bxg3 20. hxg3 Qxg3+ 21.
Rg2 Qh4 22. Bg5 Qxe4 23. Bh6 g6 24. Qf1 Qh4 25. Bxf8 Rxf8 26. Qf3 c5 27. Qc6
cxd4 28. Qxb6 dxc3 29. bxc3 Qh3 30. Qf6 a5 31. Re1 Qh6 32. Rg5 a4 33. Bc2 Qh3
34. Re7 Qh6 35. Rb7 Qh3 36. Bxg6 Qe3+ 37. Kh2 Qe2+ 38. Rg2 Qxg2+ 39. Kxg2 hxg6
40. Rxb5 Re8 41. Rb7 Rf8 42. Rxf7 Rxf7 43. Qxg6+ Rg7 44. Qxg7+ Kxg7 45. c4 Kf6
46. Kf3 Kf5 47. Ke3 Ke5 48. a3 Kd6 49. Kd4 Kc6 50. c5 Kb5 51. Kd5 Ka6 52. c6
Kb6 53. Kd6 Ka7 54. c7 Kb7 55. Kd7 Kb6 56. Kd8 Kb5 57. Ke7 Kb6 58. Kd7 Ka6 59.
Kc6 Ka5 60. c8=R Ka6 61. Ra8# {Hossa checkmated} 1-0

[Event "ICS rated standard match"]
[Site "207.99.83.229"]
[Date "1999.06.05"]
[Round "?"]
[White "WILDKNIGHTS"]
[Black "Hossa"]
[Result "0-1"]
[WhiteElo "1920"]
[BlackElo "2171"]
[PlyCount "64"]

1. e4 e5 2. Nf3 Nc6 3. Bc4 Nf6 4. Ng5 d5 5. exd5 Nxd5 6. Nxf7 Kxf7 7. Qf3+ Ke6
8. Nc3 Ncb4 9. Qe4 c6 10. f4 Qh4+ 11. g3 Qh3 12. a3 Nxc2+ 13. Qxc2 Qg2 14. Rf1
Qxh2 15. Qd3 Qg2 16. fxe5 Kxe5 17. b4 Bh3 18. Rf7 Qg1+ 19. Ke2 Bg4+ 20. Rf3
Qg2+ 21. Kd1 Bxf3+ 22. Kc2 Qxg3 23. Bb2 Nxc3 24. Bxc3+ Kf4 25. Qd4+ Kg5 26. Rg1
Be4+ 27. d3 Bg2 28. Bf7 g6 29. Qf6+ Kh5 30. Bd2 Bd6 31. Be1 Qf4 32. Qg7 32...
Be5 {WILDKNIGHTS resigns} 0-1

[Event "ICS rated bullet match"]
[Site "207.99.83.229"]
[Date "1999.06.06"]
[Round "?"]
[White "dov"]
[Black "Hossa"]
[Result "0-1"]
[WhiteElo "2289"]
[BlackElo "2444"]
[PlyCount "84"]

1. e4 e5 2. Nf3 Nc6 3. Nc3 Nf6 4. d4 exd4 5. Nxd4 Bb4 6. Nxc6 Bxc3+ 7. bxc3
bxc6 8. Bd3 O-O 9. O-O d5 10. e5 Ng4 11. Re1 Qh4 12. Bxh7+ Kxh7 13. Qd3+ Kg8
14. Qg3 Qxg3 15. hxg3 Bf5 16. f3 Nh6 17. Bxh6 gxh6 18. Re2 c5 19. g4 Bd7 20.
Kf2 Bb5 21. Rd2 Bc4 22. Kg3 a5 23. f4 Ra6 24. f5 Kh7 25. Kf4 Re8 26. g3 Rg8 27.
Rh1 Bxa2 28. Rdh2 Kg7 29. Rxh6 Rxh6 30. f6+ Kg6 31. Re1 Rh2 32. g5 Rf2+ 33. Ke3
Rxc2 34. Rf1 Rxc3+ 35. Kd2 Rxg3 36. e6 Rg2+ 37. Ke3 d4+ 38. Ke4 Bxe6 39. Ke5
Rxg5+ 40. Kf4 Rf5+ 41. Kg3 Kh6+ 42. Kh3 42... Rh5# {dov checkmated} 0-1

[Event "ICS rated bullet match"]
[Site "207.99.83.229"]
[Date "1999.06.06"]
[Round "?"]
[White "Hossa"]
[Black "EXchess"]
[Result "0-1"]
[WhiteElo "2475"]
[BlackElo "2300"]
[PlyCount "168"]

1. e4 c5 2. Nf3 e6 3. d4 cxd4 4. Nxd4 a6 5. Nc3 Nc6 6. Nxc6 bxc6 7. Bd3 d5 8.
exd5 cxd5 9. O-O Nf6 10. Bg5 Be7 11. Re1 O-O 12. Qf3 Rb8 13. Qh3 e5 14. Bf5
Bxf5 15. Qxf5 Nd7 16. Bxe7 Qxe7 17. Nxd5 Qe6 18. Rad1 Qxf5 19. Ne7+ Kh8 20.
Nxf5 Rfd8 21. Nd6 Kg8 22. b3 f6 23. Nf5 Nc5 24. Rxd8+ Rxd8 25. Ne3 Rd2 26. Rd1
Rxd1+ 27. Nxd1 Kf7 28. Kf1 Ke6 29. Nc3 Kf5 30. Ke2 Ne6 31. Kd2 Nf4 32. g3 Ng2
33. h3 h5 34. b4 h4 35. gxh4 Nxh4 36. a4 Nf3+ 37. Kc1 e4 38. b5 axb5 39. axb5
Ke5 40. b6 Kd6 41. Na4 Ne5 42. b7 Kc7 43. Nc5 Nc4 44. c3 Nd6 45. Kc2 Nxb7 46.
Ne6+ Kd6 47. Nxg7 Nc5 48. Kd2 Nd3 49. Ke3 Ke5 50. h4 f5 51. Ke2 f4 52. h5 Kf6
53. Ne8+ Kg5 54. h6 Kxh6 55. Nd6 Nc5 56. c4 Kg6 57. Nc8 Kf6 58. Nb6 Ke5 59. Nd5
Nb3 60. Ke1 f3 61. Kd1 Nc5 62. Ke1 Kd4 63. Ne3 Nd3+ 64. Kf1 Ne5 65. Nf5+ Kxc4
66. Ne3+ Kd4 67. Nf5+ Kd3 68. Kg1 Nc4 69. Kf1 Kd2 70. Nd4 Kc3 71. Nf5 Kd3 72.
Ke1 Na3 73. Ne3 Nc2+ 74. Kd1 Nxe3+ 75. Kc1 Nd5 76. Kb2 e3 77. Kb3 exf2 78. Ka4
f1=Q 79. Kb5 Kd4+ 80. Kc6 Qa6+ 81. Kd7 f2 82. Ke8 f1=Q 83. Kd7 Qfb5+ 84. Kd8
84... Qa8# {Hossa checkmated} 0-1

[Event "ICS rated bullet match"]
[Site "207.99.83.229"]
[Date "1999.06.06"]
[Round "?"]
[White "EXchess"]
[Black "Hossa"]
[Result "1-0"]
[WhiteElo "2323"]
[BlackElo "2452"]
[PlyCount "97"]

1. d4 Nf6 2. c4 e6 3. Nf3 Be7 4. Nc3 O-O 5. Bg5 d5 6. e3 Nc6 7. Be2 h6 8. Bxf6
Bxf6 9. O-O Qd7 10. Qa4 Qd6 11. cxd5 exd5 12. e4 Qb4 13. Qxb4 Nxb4 14. e5 Bg5
15. a3 Nc2 16. Rad1 Bg4 17. Nxg5 Bxe2 18. Nxe2 hxg5 19. Rc1 Nxd4 20. Nxd4 c6
21. e6 Rfe8 22. Rce1 fxe6 23. Nxe6 Kf7 24. Nxg5+ Kf6 25. h4 Kf5 26. Re3 Rab8
27. b3 a5 28. Rf3+ Kg4 29. Rh3 Re2 30. Nf3 Kf4 31. Rg3 Rg8 32. h5 Re6 33. Re1
Rxe1+ 34. Nxe1 a4 35. bxa4 b6 36. h6 g5 37. Rf3+ Kg4 38. Nd3 Kh5 39. Rf6 c5 40.
Ne5 g4 41. Nf7 g3 42. h7 Re8 43. fxg3 d4 44. Rh6+ Kg4 45. Nd6 Rh8 46. Rg6+ Kh5
47. Rg7 Rd8 48. g4+ Kh4 49. Nf5# {Hossa checkmated} 1-0

[Event "ICS rated bullet match"]
[Site "207.99.83.229"]
[Date "1999.06.06"]
[Round "?"]
[White "Hossa"]
[Black "JSBach"]
[Result "1-0"]
[WhiteElo "2430"]
[BlackElo "2176"]
[PlyCount "55"]

1. e4 e5 2. Nf3 Nc6 3. Bb5 Qf6 4. Nc3 Bc5 5. Nd5 Qd6 6. d3 a6 7. Bc4 b5 8. Bb3
Na5 9. O-O Nxb3 10. axb3 c6 11. d4 exd4 12. Bf4 Qg6 13. Nc7+ Kf8 14. Nxa8 Qxe4
15. Be5 Nf6 16. Bxf6 gxf6 17. Nc7 Rg8 18. Re1 Qg4 19. Re8+ Kg7 20. Qe2 Rxe8 21.
Qxe8 Bb7 22. Qb8 Qe4 23. Rc1 d3 24. Ne8+ Kg6 25. Qg3+ Qg4 26. Qxg4+ Kh6 27.
Qg7+ Kh5 28. Nxf6# {JSBach checkmated} 1-0

[Event "ICS rated blitz match"]
[Site "207.99.83.229"]
[Date "1999.06.06"]
[Round "?"]
[White "WhiteHorse"]
[Black "Hossa"]
[Result "1/2-1/2"]
[WhiteElo "2488"]
[BlackElo "2654"]
[PlyCount "125"]

1. d4 Nf6 2. e3 d5 3. f4 e6 4. Bd3 Bb4+ 5. c3 Bd6 6. Nd2 Nbd7 7. Ngf3 O-O 8.
O-O a5 9. Ne5 c5 10. Rf3 c4 11. Bc2 Qe7 12. Rh3 b5 13. g4 Bb7 14. Qf3 Bb8 15.
Rg3 Nb6 16. h4 Ne4 17. Nxe4 dxe4 18. Qh1 f6 19. Bxe4 Bxe4 20. Qxe4 fxe5 21.
fxe5 Qxh4 22. Kg2 Nd5 23. Bd2 Qg5 24. Rh1 h6 25. Rh5 Qe7 26. g5 Qf7 27. gxh6
Qf1+ 28. Kh2 Qe2+ 29. Qg2 Qxh5+ 30. Kg1 Qd1+ 31. Kh2 Bxe5 32. dxe5 Qc2 33.
Rxg7+ Kh8 34. e4 Rg8 35. exd5 exd5 36. e6 Qxb2 37. e7 Qxd2 38. Qxd2 Rxg7 39.
Qd4 Rag8 40. e8=Q Kh7 41. Qxg8+ Rxg8 42. Qxd5 b4 43. Qxc4 Rg6 44. cxb4 axb4 45.
Qxb4 Kxh6 46. a4 Ra6 47. Qf8+ Kg6 48. Qe8+ Kf6 49. a5 Rd6 50. Qe3 Kf7 51. Qf2+
Ke8 52. Qe2+ Kd7 53. a6 Rh6+ 54. Kg3 Rg6+ 55. Kf4 Rf6+ 56. Kg5 Rf7 57. Qb5+ Kd6
58. Qb6+ Ke5 59. a7 Rf5+ 60. Kg6 Rf3 61. a8=Q Rg3+ 62. Kh5 Rg5+ 63. Kxg5 {
Hossa stalemated} 1/2-1/2

[Event "ICS Rated standard match"]
[Site "207.99.83.229"]
[Date "1999.06.06"]
[Round "?"]
[White "Hossa"]
[Black "Amateur"]
[Result "1-0"]
[WhiteElo "2177"]
[BlackElo "2480"]
[PlyCount "155"]

1. e4 e5 2. Nf3 Nc6 3. Bb5 a6 4. Ba4 d6 5. d4 Bd7 6. Bxc6 Bxc6 7. Nc3 Nf6 8.
O-O Nxe4 9. Nxe4 Bxe4 10. Re1 d5 11. Ng5 Bd6 12. dxe5 Bxe5 13. f3 h6 14. Nh3
Qd6 15. fxe4 Bxh2+ 16. Kh1 Bg3 17. Re3 d4 18. Rb3 Be5 19. Qg4 Qc6 20. Qf5 Bf6
21. Nf4 g6 22. Qd5 Qxc2 23. Rxb7 Rd8 24. Qb3 Qxe4 25. Bd2 O-O 26. Rxc7 Rb8 27.
Qd3 Qe5 28. Rc2 Qb5 29. Qh3 Bg7 30. Nd3 Rbe8 31. Rac1 Re2 32. Nf4 Re5 33. b3
Rfe8 34. Rc6 Rf5 35. Kg1 a5 36. Rc8 Rxc8 37. Rxc8+ Kh7 38. Nd3 Qa6 39. Rc1 Qd6
40. Qh4 a4 41. bxa4 Qa3 42. Nb4 Qxa4 43. Rb1 Qa7 44. Re1 Qa5 45. Rd1 Rh5 46.
Qg4 Qb6 47. Qf4 Rf5 48. Qe4 Re5 49. Qf3 Rf5 50. Qd3 Rc5 51. Rb1 Qe6 52. Ra1 Qd7
53. Na6 Rb5 54. a4 Re5 55. a5 Qe6 56. Nb4 Qd6 57. a6 Re8 58. Qf3 Qf8 59. Nd5 d3
60. Ra5 Bd4+ 61. Kf1 Qg8 62. Qxd3 Qh8 63. Ra4 Ba7 64. Bc3 Re5 65. Rf4 f5 66.
Rb4 h5 67. Bxe5 Qxe5 68. Rb7+ Kh6 69. Rxa7 Qa1+ 70. Kf2 f4 71. Qc4 Qb2+ 72. Kf3
Qa3+ 73. Nc3 Qf8 74. Rf7 Qa8+ 75. Nd5 Qd8 76. Qxf4+ g5 77. Rf6+ Qxf6 78. Qxf6+
{Amateur resigns} 1-0

[Event "ICS rated blitz match"]
[Site "207.99.83.229"]
[Date "1999.06.06"]
[Round "?"]
[White "WhiteHorse"]
[Black "Hossa"]
[Result "0-1"]
[WhiteElo "2495"]
[BlackElo "2647"]
[PlyCount "39"]

1. d4 Nf6 2. e3 g6 3. f4 Bg7 4. Nf3 O-O 5. Bd3 Nc6 6. O-O d5 7. c3 Ne4 8. Nbd2
Bf5 9. Qe2 Qd7 10. Ne5 Nxe5 11. fxe5 Bg4 12. Nf3 Ng5 13. Kh1 f6 14. exf6 Rxf6
15. e4 Nxf3 16. gxf3 Raf8 17. e5 Bxf3+ 18. Rxf3 Rxf3 19. e6 Qd6 20. Be3 {
WhiteHorse resigns} 0-1

[Event "ICS rated blitz match"]
[Site "207.99.83.229"]
[Date "1999.06.06"]
[Round "?"]
[White "WhiteHorse"]
[Black "Hossa"]
[Result "0-1"]
[WhiteElo "2486"]
[BlackElo "2656"]
[PlyCount "110"]

1. d4 Nf6 2. e3 g6 3. f4 Bg7 4. Bd3 O-O 5. Nf3 Nc6 6. c3 d5 7. Nbd2 Bg4 8. O-O
Qd6 9. Qe2 Rae8 10. h3 Be6 11. Ne5 Bc8 12. g4 Be6 13. Qg2 a5 14. a4 Nd7 15. b3
Ndxe5 16. fxe5 Qd7 17. Ba3 f6 18. exf6 Bxf6 19. Nf3 Rf7 20. Rae1 Ref8 21. Qg3
b6 22. Rf2 Bg5 23. h4 Bxg4 24. hxg5 Rxf3 25. Rxf3 Rxf3 26. Qg2 Qe6 27. Bb5 Na7
28. Bc1 Nxb5 29. axb5 Qf5 30. c4 Rh3 31. Qxd5+ Qxd5 32. cxd5 Bf3 33. Ba3 Kf7
34. Kf2 Bxd5 35. Rf1 Rf3+ 36. Ke2 Rxf1 37. Kxf1 Bxb3 38. Kf2 Bc4 39. Kf3 Bxb5
40. Kf4 Ke6 41. e4 Kd7 42. d5 c5 43. Ke5 Bd3 44. Bb2 b5 45. Kf4 b4 46. Ke3 c4
47. e5 Kc7 48. Kd4 Be2 49. Bc1 c3 50. Kc5 b3 51. d6+ exd6+ 52. exd6+ Kd7 53.
Ba3 b2 54. Kb6 b1=Q+ 55. Kxa5 55... Qb5# {WhiteHorse checkmated} 0-1

[Event "ICS rated blitz match"]
[Site "207.99.83.229"]
[Date "1999.06.06"]
[Round "?"]
[White "Hossa"]
[Black "Jonus"]
[Result "1-0"]
[WhiteElo "2665"]
[BlackElo "2379"]
[PlyCount "76"]

1. e4 c5 2. Nf3 d6 3. d4 cxd4 4. Nxd4 Nf6 5. Nc3 a6 6. f4 e6 7. Bd3 Qc7 8. f5
Nc6 9. Nxc6 bxc6 10. fxe6 Bxe6 11. O-O Be7 12. Qf3 O-O 13. Qg3 Kh8 14. Be3 Ng4
15. Bd4 Ne5 16. Rad1 a5 17. Be2 Rab8 18. b3 f6 19. a4 Rb4 20. Qh4 Rfb8 21. Rd2
Ng6 22. Qh5 Rxd4 23. Rxd4 Qa7 24. Rfd1 Rb4 25. Bc4 Bxc4 26. bxc4 Rxc4 27. Ne2
d5 28. Kh1 Rxd4 29. Nxd4 dxe4 30. Nxc6 Qc7 31. Nxe7 Qxe7 32. Qxa5 h6 33. Qd8+
Qxd8 34. Rxd8+ Kh7 35. Rd4 f5 36. g4 e3 37. gxf5 Ne7 38. f6 38... gxf6 {
Jonus resigns} 1-0

[Event "ICS rated bullet match"]
[Site "207.99.83.229"]
[Date "1999.06.06"]
[Round "?"]
[White "Masterchess"]
[Black "Hossa"]
[Result "1-0"]
[WhiteElo "2598"]
[BlackElo "2436"]
[PlyCount "127"]

1. c4 e5 2. Nc3 Nf6 3. g3 Bc5 4. Bg2 O-O 5. Nf3 Nc6 6. O-O d5 7. cxd5 Nxd5 8.
Qa4 Bb6 9. Nxd5 Qxd5 10. Ng5 Qd8 11. d3 Nd4 12. Re1 Bg4 13. Bxb7 Nxe2+ 14. Kg2
Nxc1 15. Qxg4 Nxd3 16. Red1 Rb8 17. Be4 h6 18. Nh3 Nxf2 19. Nxf2 Bd4 20. Rab1
Qg5 21. Qxg5 hxg5 22. Rdc1 c5 23. Nd3 f5 24. Bd5+ Kh8 25. Nxc5 Rxb2+ 26. Rxb2
Bxb2 27. Rc2 Rb8 28. Ne6 Bd4 29. Bb3 Be3 30. Kf3 Bd4 31. Nxg5 Re8 32. Bf7 Rf8
33. Bg6 a5 34. Ne6 Rg8 35. Bxf5 g6 36. Bd3 Ba1 37. Rc5 a4 38. Ra5 Re8 39. Ra6
Rg8 40. Rxa4 Re8 41. Ra6 Rg8 42. Ng5 Rf8+ 43. Kg4 Rf2 44. h4 Bd4 45. Rxg6 Be3
46. Nf3 Rxa2 47. Nxe5 Ra7 48. Re6 Bd2 49. Rc6 Be3 50. Kh3 Bd4 51. Nc4 Rf7 52.
Be4 Re7 53. Bf5 Kg8 54. g4 Re1 55. g5 Rg1 56. g6 Rh1+ 57. Kg4 Rg1+ 58. Kf4 Rh1
59. Kg5 Bg1 60. Rc8+ Kg7 61. Rc7+ Kh8 62. g7+ Kg8 63. Kg6 Bb6 64. Be6# {
Hossa checkmated} 1-0